000 00378nam a2200145Ia 4500
008 230525s9999 xx 000 0 und d
020 _a9789386215185
082 _a909
_bSHAK
100 _aSHARMA, Pranjal
245 0 _aKranti Nation:India and the fourth industrial Revolution
260 _aDelhi
_bMacmillan
_c2017
300 _a263
650 _aWorld History
942 _cBK
999 _c3106
_d3106